| 000 | 00575nam a2200181 i 4500 | ||
|---|---|---|---|
| 001 | 103834 | ||
| 003 | ES-MaACL | ||
| 005 | 20230906183444.0 | ||
| 007 | t| | ||
| 008 | 051118s1960 sp ||||1| spa d | ||
| 100 | 1 |
_aMerrien, Jean. _980597 |
|
| 245 | 1 | 0 |
_aHistoria de los buques / _cJean Merrien; [traducción y notas por J. Mª Martínez-Hidalgo]. |
| 250 | _a[1ª ed.]. | ||
| 260 |
_aBarcelona : _bAymá, _c1960. |
||
| 300 |
_a298 p., lám. I-LXIV, 1 lám. col. ; _c26 cm. |
||
| 700 | 1 |
_aMartínez-Hidalgo, José María. _978154 |
|
| 852 |
_aES-MaACL _jC-20526 _bR.48422 |
||
| 999 |
_c103834 _d103834 |
||